| 000 | 00734pam a2200241 i 4500 | ||
|---|---|---|---|
| 008 | |||
| 020 | _a0061411965 (hbk.) | ||
| 049 | _aMAIN | ||
| 090 |
_aRC111 _bHOE |
||
| 100 | 1 | _aHoeprich, Paul D. | |
| 245 | 1 | 0 |
_aInfectious diseases : _ba modern treatise of infectious processes / _cedited by Paul D. Hoeprich. |
| 250 | _a2d ed. | ||
| 260 |
_aHagerstown : _bHarper & Row, _cc1977. |
||
| 300 |
_axxvii, 1258 p. : _bill. ; _c27 cm. |
||
| 500 | _aIncludes index. | ||
| 504 | _aIncludes bibliographical references. | ||
| 650 | 0 | _aCommunicable diseases. | |
| 907 |
_a.b10394011 _b29-10-18 _c26-10-18 |
||
| 003 | |||
| 005 | 20230123141129.0 | ||
| 040 | _cNUST | ||
| 942 |
_cBOOKS _kRC111 _mHOE |
||
| 999 |
_c168202 _d168202 |
||